00215nam a2200085Ia 4500008004100000100001900041245002800060260002900088260001200117180219s9999 xx 000 0 und d aRishiver Vinay 0aSamajik Vigyan Shikskan aAgarwal Publication Agra c2012/13